000 01336nam0a2200301 4500
001 RU\NLR\bibl\483240
005 20250623193337.0
021 _aRU
_b2003-66023
_93253
035 _a(NLR Aleph) 000476006
090 _a1023644
_c1023644
100 _a20040126d2003 |||y0rusy50 ca
101 0 _arus
_aeng
102 _aRU
105 _ay |||||||||
200 1 _aТехника перевода
_eУчеб.-метод. пособие
_eДля студентов специальности 260200 (Англ. яз.)
_fМ.В. Шахлевич, И.Г. Лобода
_gМ-во образования Рос. Федерации, Моск. гос. ун-т леса. [Каф. иностр. яз.]
210 _aМ.
_cИзд-во МГУЛ
_d2003
215 _a26 с.
_d21
225 1 _aАнглийский язык
320 _aТекст на рус. и англ. яз.
606 0 _aАнглийский язык
_jУчебные издания для высших учебных заведений
_9972309
_3RU\NLR\auth\6646032
686 _aШ143.21-93рус328.9
700 1 _aШахлевич
_bМ. В.
_gМария Васильевна
_4070
701 1 _aЛобода
_bИ. Г.
_gИнна Григорьевна
_4070
801 0 _aRU
_bNLR
_c20040126
_gPSBO
801 1 _aRU
_bNLR
_c20040126
942 _cBOOK
980 _aNB